000 01008nas a2200313 4500
001 BR8401333
003 BR-BrBNA
005 20231205085830.0
007 ta
008 230509b bl.|||p| |||| 00| 00por d
040 _aBR-BrBNA
_bpor
_cBiblioteca Nacional de Agricultura
041 _a(Pt)
072 _aL73
100 1 _aModena, C.M.
100 1 _aAbreu, V.L.V. de
100 1 _aSilva, J.A. da
100 1 _aMoreira, E.C.
100 1 _aAzevedo, N.A. de
100 1 _aRehfeld, O.A.M.
245 1 _aOcorrencia de infeccao pelo virus de leucose enzootica bovina em animais importados
246 1 _aOccurence of infection caused by the enzootic bovine leukosis virus in imported animals
650 _aBOVINO
650 _aLEUCOSE
650 _aQUARENTENA
650 _aINFECCAO
773 0 _tArquivo Brasileiro de Medicina Veterinaria e Zootecnia (Brazil)
_xISSN 0365-8384
_g(Aug 1983), v. 35(4) p. 565-573
_wBR8401333
909 _a202311
_bLúcia
_c55
_dLúcia Elande
942 _2AGRIS
_n0
_cANA
999 _c114142
_d114142